| 000 | 01402nam a2200289Ia 4500 | ||
|---|---|---|---|
| 003 | Ost | ||
| 005 | 20260507074946.0 | ||
| 008 | 260507s9999||||xx |||||||||||||| ||und|| | ||
| 020 | _a9789957243814 | ||
| 040 | _cfsecg | ||
| 041 | _aara | ||
| 082 | _a657.48 | ||
| 100 |
_aجمعة، احمد حلمي _eمؤلف |
||
| 245 | 0 |
_aتطور معايير التدقيق و التأكيد الدولية و قواعد اخلاقيات المهنة / _c احمد حلمي جمعة |
|
| 260 |
_aعمان: _bدار صفاء للنشر, _c2009 |
||
| 300 |
_a188 صفحة؛ _c24 سم |
||
| 490 | _aسلسلة الكتب المهنية | ||
| 504 | _aسلسلة الكتب المهنية | ||
| 520 | _aالمقدمة المقترحة للمعايير الدولية حول رقابة الجودة -نظام رقابة جودة الخدمات المهنية في الشركات -نظام الرقابة على جودة مهام تدقيق المعلومات المالية التاريخية -شروط مهمة التدقيق -اجراءات توثيق مهمة التدقيق -الخدمات ذات العلاقة | ||
| 653 | _aاخلاقيات المهنة | ||
| 653 | _aاداب المهنة | ||
| 653 | _aالتدقيق المحاسبي | ||
| 653 | _aالمحاسبة المالية | ||
| 653 | _aتدقيق الحسابات | ||
| 653 | _aمعايير الاداء | ||
| 942 | _cكتاب | ||
| 999 |
_c41963 _d41963 |
||